000 00297nam a22001217a 4500
003 SGT
082 _a658.4038011 SIN
100 _aSINGH,VISHNU PRIYA
245 _aQUINTESSENTIAL COURSE TALLY. ERP 9
250 _a1ST
260 _aNEW DELHI
_bCOMPUTECH PUBLICATIONS LIMITED
_c2016
942 _2ddc
_cCD
999 _c10780
_d10780